Countries With Most Coronavirus Cases Per Capita (COVID-19) - Statistics

General Stats
  • This quiz has been taken 23 times
  • The average score is 10 of 25
Answer Stats
Rank Country Cases Per 1M People % Correct
9 United States 23,811
96%
16 Spain 19,041
78%
10 Brazil 23,746
70%
8 Chile 24,934
57%
23 Belgium 12,375
52%
1 Qatar 45,445
52%
3 Andorra 34,878
48%
15 Argentina 19,234
48%
2 Bahrain 43,598
48%
6 Kuwait 25,672
48%
7 Peru 25,338
48%
11 San Marino 21,826
48%
18 Colombia 17,525
43%
4 Israel 31,297
39%
22 Luxembourg 14,887
39%
13 Oman 20,254
39%
5 Panama 27,426
39%
17 Armenia 18,580
35%
21 Vatican City 14,963
35%
19 Costa Rica 16,850
26%
14 Maldives 19,900
17%
25 Bahamas 11,954
13%
20 Moldova 15,090
4%
12 Montenegro 21,252
4%
24 Cape Verde 12,210
0%
No matching quizzes found
Score Distribution
Percent of People with Each Score
Percentile by Number Answered
Your Score History
You have not taken this quiz